000 00915nam a22002057a 4500
005 20250731123757.0
010 _aHIN-130092
020 _c550.00
_a9789361595820
020 _a9789361595820
_c550.00
035 _aHN-102438
037 _bDBAD
082 _a327
100 _aमोहन , सौमित्र
_983553
245 _aअंतरराष्ट्रीय संबंध /
_cसौमित्र मोहन एवं चन्दन झा
260 _aनॉएडा
_bपियर्सन इंडिया एजुकेशन
270 _aफर्स्ट फ्लोर , बर्जेर टावर , प्लाट न. सी 001ए /2, सेक्टर 16,नॉएडा
_bउत्तर प्रदेश
300 _a32.19पृ.
_c25 सेमी (अजिल्द)
490 _v327
942 _2ddc
_cHN
_h327
_mमोहन
999 _c212767
_d212767